Vývoj organizačnej štruktúry v ekonomike SR

Situácia v organizačnej štruktúre SR. Počet evidovaných ziskových, neziskových organizácií a podnikajúcich fyzických osôb a ich rast v roku 1997. Najvyšší rast početnosti zaznamenaný pri s.r.o. a a.s. Trvalé klesanie počtu samostatne hospodáriacich roľníkov. Objem podnikania podľa odvetví.

Saved in:
Bibliographic Details
Main Author: Oberhauser, Ján Artur
Format: Book
Language:Slovak
Subjects:
Tags: Add Tag
No Tags, Be the first to tag this record!

MARC

LEADER 00000nam a2200000 4500
001 r030652
005 20230824094501.3
041 0 |a slo 
044 |a SK 
245 1 0 |a Vývoj organizačnej štruktúry v ekonomike SR  |c Ján Artur Oberhauser 
520 |a Situácia v organizačnej štruktúre SR. Počet evidovaných ziskových, neziskových organizácií a podnikajúcich fyzických osôb a ich rast v roku 1997. Najvyšší rast početnosti zaznamenaný pri s.r.o. a a.s. Trvalé klesanie počtu samostatne hospodáriacich roľníkov. Objem podnikania podľa odvetví. 
610 2 0 |a štruktúra organizačná 
610 2 0 |a rozvoj hospodársky 
610 2 0 |a ukazovatele ekonomické 
610 2 0 |a reštrukturalizácia 
610 2 0 |a privatizácia 
610 2 0 |a organizácie neziskové 
610 2 0 |a podnikatelia 
610 2 0 |a spoločnosti s r.o. 
610 2 0 |a spoločnosti obchodné 
610 2 0 |a roľníci jednotlivo hospodáriaci 
610 2 0 |a živnostníci 
610 2 0 |a 1997 
100 1 |a Oberhauser, Ján Artur